| 000 | 00505nam a2200169 i 4500 | ||
|---|---|---|---|
| 001 | 25034 | ||
| 003 | ES-MaACL | ||
| 005 | 20230906153201.0 | ||
| 007 | t| | ||
| 008 | 021220s1973 sp ||||1| gao d | ||
| 245 | 0 | 0 |
_aAntoloxia falenos galegos _b: 50 testos de onte e de hoxc / _cprologo de Alfonso Alvarez Gándara. |
| 250 | _a[1ª ed.]. | ||
| 260 |
_aVigo : _bCastrelos, _c1973. |
||
| 300 |
_a105 p. ; _c18 cm. |
||
| 700 | 1 |
_aAlvarez Gándara, Alfonso. _920814 |
|
| 852 |
_aES-MaACL _jC-54164 _bR.87070 |
||
| 999 |
_c25034 _d25034 |
||